Billboard #1 Hits of 1980 - Statistics

General Stats
  • This quiz has been taken 114 times
  • The average score is 11 of 17
Answer Stats
weeks act 1st word song % Correct
4 Pink Floyd another Another Brick in the Wall
92%
6 Blondie call Call Me
92%
4 Diana Ross upside Upside Down
82%
3 Queen another Another One Bites The Dust
80%
4 Queen crazy Crazy Little Thing Called Love
79%
4 Lipps Inc F______ Funkytown
76%
4 Michael Jackson rock Rock With You
70%
1 Christopher Cross s______ Sailing
70%
1 John Lennon starting (Just Like) Starting Over
69%
3 Barbra Streisand woman Woman in Love
67%
1 Rupert Holmes e____, the.... Escape (The Piña Colada Song)
61%
3 Paul McCartney coming Coming Up
57%
1 Captain & Tennille do Do That to Me One More Time
56%
1 KC and the Sunshine Band please Please Don't Go
52%
4 Olivia Newton-John m____ Magic
46%
2 Billy Joel it's It's Still Rock and Roll to Me
40%
6 Kenny Rogers l (lower case L) __ Lady
36%
No matching quizzes found
Score Distribution
Percent of People with Each Score
Percentile by Number Answered
Your Score History
You have not taken this quiz